00431nam a22001457a 4500010001400000020003000014035001700044037001700061082000600078100002000084245008100104260005000185270003400235300001600269 a1617CH-EN a9780062333964c250.00 pbk aB-644084-099 aDPLbBBB/Ven aS aParish, Herman  aAmelia bedelia :cby Herman Parish; illustrated by Lynne Avril bshapes up / aNew Yarkbharper Collins Children Booksc2014 a195,Boadway bNew Yarke10007 a149p.c19cm